MARC

Tag First Indicator Second Indicator Subfields
LEADER 00000cam a22000001a 4500
001 in00002990821
005 20190402191905.0
006 m o d
007 cr un mmmapmmp
008 070913s1921 dcu o f000 0 eng d
035 |a cis2004157062 
040 |a UMI  |c UMI  |d UtOrBLW 
043 |a n-us--- 
099 |a ProQuest Serial Set Number 7921 H.rp.441 
110 1 |a United States.  |b Congress.  |b House.  |b Committee on Banking and Currency. 
245 1 0 |a Amending Federal Reserve Act. 
246 1 |a Amending Federal reserve act 
264 1 |a Washington :  |b [publisher not identified],  |c 1921. 
300 |a 1 online resource. 
336 |a text  |b txt  |2 rdacontent 
337 |a computer  |b c  |2 rdamedia 
338 |a online resource  |b cr  |2 rdacarrier 
490 0 |a H.rp.441 
500 |a Record is based on bibliographic data in ProQuest U.S. Serial Set Digital Collection (last viewed Sept. 2007). Reuse except for individual research requires license from ProQuest, LLC. 
510 3 |a ProQuest U.S. Serial Set Digital Collection 
500 |a Electronic resource. 
610 2 0 |a Board of Governors of the Federal Reserve System (U.S.) 
650 0 |a Banks and banking. 
655 7 |a Electronic books.  |2 local 
710 2 |a ProQuest (Firm) 
830 0 |a United States congressional serial set. 
856 4 0 |u http://proxy.library.tamu.edu/login?url=http://congressional.proquest.com/congcomp/getdoc?SERIAL-SET-ID=7921+H.rp.441  |z Connect to the full text of this electronic book  |t 0 
999 |a MARS 
999 f f |s ce9960a9-78ac-31b1-a971-119687a4661a  |i d6976c18-4356-3099-9156-748c21c599bb  |t 0 
952 f f |a Texas A&M University  |b College Station  |c Electronic Resources  |d Available Online  |t 0  |e ProQuest Serial Set Number 7921 H.rp.441  |h Other scheme 
998 f f |a ProQuest Serial Set Number 7921 H.rp.441  |t 0  |l Available Online